Essays in Radical Empiricism (Record no. 261802)
[ view plain ]
| 000 -LEADER | |
|---|---|
| fixed length control field | 01138cam a22002653a 4500 |
| 001 - CONTROL NUMBER | |
| control field | 32547 |
| 003 - CONTROL NUMBER IDENTIFIER | |
| control field | PGUSA |
| 005 - DATE AND TIME OF LATEST TRANSACTION | |
| control field | 20140828083714.0 |
| 008 - FIXED-LENGTH DATA ELEMENTS--GENERAL INFORMATION | |
| fixed length control field | 100526s2010||||xxu|||||s|||||000 | eng d |
| 040 ## - CATALOGING SOURCE | |
| Original cataloging agency | PGUSA |
| Language of cataloging | eng |
| 042 ## - AUTHENTICATION CODE | |
| Authentication code | dc |
| 050 #4 - LIBRARY OF CONGRESS CALL NUMBER | |
| Classification number | B |
| 100 1# - MAIN ENTRY--PERSONAL NAME | |
| Personal name | James, William, |
| Dates associated with a name | 1842-1910 |
| 245 10 - TITLE STATEMENT | |
| Title | Essays in Radical Empiricism |
| Medium | [electronic resource] / |
| Statement of responsibility, etc | William James |
| 260 ## - PUBLICATION, DISTRIBUTION, ETC. (IMPRINT) | |
| Name of publisher, distributor, etc | Project Gutenberg, |
| Date of publication, distribution, etc | 2010 |
| 505 0# - FORMATTED CONTENTS NOTE | |
| Formatted contents note | Does 'consciousness' exist? -- A world of pure experience -- The thing and its relations -- How two minds can know one thing -- The place of affectional facts in a world of pure experience -- The experience of activity -- The essence of humanism -- La notion de conscience -- Is radical empiricism solipsistic? -- Mr. Pitkin's refutation of 'radical empiricism' -- Humanism and truth once more -- Absolutism and empiricism. |
| 506 ## - RESTRICTIONS ON ACCESS NOTE | |
| Terms governing access | Public domain in the USA. |
| 516 ## - TYPE OF COMPUTER FILE OR DATA NOTE | |
| Type of computer file or data note | Electronic text |
| 653 ## - INDEX TERM--UNCONTROLLED | |
| Uncontrolled term | Pragmatism |
| 653 ## - INDEX TERM--UNCONTROLLED | |
| Uncontrolled term | Experience |
| 700 1# - ADDED ENTRY--PERSONAL NAME | |
| Personal name | Perry, Ralph Barton, |
| Dates associated with a name | 1876-1957 |
| 830 #0 - SERIES ADDED ENTRY--UNIFORM TITLE | |
| Uniform title | Project Gutenberg |
| Volume number/sequential designation | 32547 |
| 856 40 - ELECTRONIC LOCATION AND ACCESS | |
| Uniform Resource Identifier | <a href="http://www.gutenberg.org/ebooks/32547">http://www.gutenberg.org/ebooks/32547</a> |
| 942 ## - ADDED ENTRY ELEMENTS (KOHA) | |
| Koha item type | eBooks |
| Withdrawn status | Lost status | Damaged status | Home library | Current library | Date acquired | Total Checkouts | Date last seen | Price effective from | Koha item type |
|---|---|---|---|---|---|---|---|---|---|
| Project Gutenberg | Project Gutenberg | 08/28/2014 | 08/28/2014 | 08/28/2014 | eBooks |